Konfessionskunde : die christlichen Kirchen und Sekten heute

Αποθηκεύτηκε σε:
Λεπτομέρειες βιβλιογραφικής εγγραφής
Κύριος συγγραφέας: Mulert, Hermann 1879-1950
Άλλοι συγγραφείς: Schott, Erdmann, 1900-1983 (Επιμελητής έκδοσης)
Μορφή: Βιβλίο
Γλώσσα:German
Δημοσίευση: Berlin : Alfred Topelmann, 1956
Έκδοση:3η έκδ.
Σειρά:Sammlung Topelmann. Die Theologie im Abriss ; ; 5
Θέματα:
Ετικέτες: Προσθήκη ετικέτας
Δεν υπάρχουν, Καταχωρήστε ετικέτα πρώτοι!

MARC

LEADER 00000cam a2200000 i 4500
001 1/31459
008 060623s1956 ger d
035 |l 10084413 
040 |a GR-MY-UA  |b gre  |e aacr 
041 0 |a ger 
082 0 |a 238  |2 (22) 
100 1 |a Mulert, Hermann  |d 1879-1950. 
245 1 0 |a Konfessionskunde :  |b die christlichen Kirchen und Sekten heute /  |c Hermann Mulert ; unter Mitarbeit von Konrad Onasch herausgegeben von Erdmann Schott 
250 |a 3η έκδ. 
260 |a Berlin :   |b Alfred Topelmann,   |c 1956 
300 |a 557 σ.;  |c 23 εκ. 
490 1 |a Sammlung Topelmann. Die Theologie im Abriss   |v ; 5 
650 0 0 |a Creeds  |x History and criticism  |x Christianity. 
700 1 |a Schott, Erdmann,   |d 1900-1983.  |4 edt 
830 0 |a Sammlung Topelmann. Die Theologie im Abriss ;  |v ; 5 
852 |a INST  |b RHODES  |c KRI  |e 20060623  |h  238 MUL  |p 005400024759  |q 005400024759  |t BK  |y 0 
901 |a BIBL4-2006-2 
909 |a Ρ  |b 126532 
970 |a ΚΟΖΑ  |b ΜΑΡΙΑ  |z 2006/06/23